| 000 | 00490nam a22001697a 4500 | ||
|---|---|---|---|
| 003 | 1 | ||
| 005 | 20220502105650.0 | ||
| 008 | 220502b xxu||||| |||| 00| 0 eng d | ||
| 020 | _a978-621-04-0125-7 | ||
| 050 |
_aLB1775 _b.T369 2019 |
||
| 100 | _aTamayo, Antonio I. | ||
| 245 |
_aEmbracing the teaching profession/ _cAntonio I. Tamayo |
||
| 260 |
_aManila: _bRex Book Store, Inc. _cc2019 |
||
| 300 |
_a322 pp. _c25 cm. _eIncludes index. |
||
| 500 | _aTeaching-profession. | ||
| 942 |
_2lcc _cBK |
||
| 999 |
_c364728 _d364728 |
||